COMPREHENSIVE CHEMISTRY FOR CLASS- XI (Record no. 8625)

MARC details
000 -LEADER
fixed length control field 00445nam a22001697a 4500
005 - DATE AND TIME OF LATEST TRANSACTION
control field 20240902133623.0
008 - FIXED-LENGTH DATA ELEMENTS--GENERAL INFORMATION
fixed length control field 240902b |||||||| |||| 00| 0 eng d
020 ## - INTERNATIONAL STANDARD BOOK NUMBER
ISBN 978-81-318-0377-6
041 ## - LANGUAGE CODE
Language code of text/sound track or separate title eng
082 ## - DEWEY DECIMAL CLASSIFICATION NUMBER
Classification number 540 VER
100 ## - MAIN ENTRY--AUTHOR NAME
Personal name VERMA, DR. N.K AND KHANNA, S.K.
245 ## - TITLE STATEMENT
Title COMPREHENSIVE CHEMISTRY FOR CLASS- XI
260 ## - PUBLICATION, DISTRIBUTION, ETC. (IMPRINT)
Place of publication BENGALURU
Name of publisher LAXMI PUBLICATION P [LTD]
300 ## - PHYSICAL DESCRIPTION
Number of Pages 9.109,P
650 ## - SUBJECT ADDED ENTRY--TOPICAL TERM
Topical Term BMLT
942 ## - ADDED ENTRY ELEMENTS (KOHA)
Koha item type Books
Holdings
Lost status Damaged status Collection code Home library Current library Shelving location Date acquired Source of acquisition Cost, normal purchase price Serial Enumeration / chronology Full call number Accession Number Koha item type
    Bachelor of Medical Laboratory Technology JRU Library JRU Library SHELF-72-A 30/08/2024 PURCHASE 1129.00 NEW ARRIVALS SHELF 540 28385 Books
    PARAMEDICAL JRU Library JRU Library SHELF-104-A 30/08/2024 PURCHASE 1129.00   540 28386 Books